Fußball 1 gegen 1 #1 (Rooney:Owen) - Statistiken

Allgemein
  • Dieses Quiz wurde 54 mal gespielt
  • Das Durchschnittsergebnis liegt bei 9 aus 15
Antwortstatistiken
Frage Antwort % Korrekt
Wer von beiden siegte öfter im direkten Vergleich gegen den Anderen? Rooney
88%
Wer von beiden hat mehr Vorlagen? (Nur auf Vereinsebene) Rooney
82%
Wer von beiden hat mehr Spiele für einen Verein? Rooney
82%
Wer von beiden beendete seine Karriere jünger? Owen
76%
Wer von beiden hat mehr Länderspiel-Tore? Rooney
76%
Wer von beiden hat mehr Vereins-Titel? Rooney
76%
Wer von beiden erzielte am meisten Ablöse? Da beide 37 Millionen, wer war bei mehr Vereinen? Owen
71%
Wer von beiden hat mehr Tore? (Nur auf Vereinsebene) Rooney
71%
Wer von beiden bestritt mehr Spiele? (Nur auf Vereinsebene) Rooney
65%
Wer von beiden gab jünger sein Profi-Debut? Rooney
59%
Wer von beiden erzielte jünger sein Debut-Tor? Rooney
53%
Wer von beiden hat mehr Nationalmannschafts-Titel? Da beide keine haben, wer erzielte mehr WM-Tore? Owen
41%
Wer von beiden hatte jemals eine höhere Trikotnummer? (Nur auf Vereinsebene) Rooney
29%
Wer von beiden hat einen höheren Torrekord in einem Spiel? (Nur auf Vereinsebene) Da beide 4 Tore erzielen konnten, wessen Team gewann das Spiel am Ende höher? Owen
18%
Wer von beiden hat mehr individuelle Auszeichnungen? Rooney
18%
Keine übereinstimmenden Quizze gefunden
Verteilung der Resultate
Anzahl Personen mit jedem Resultat
Perzentil nach korrekt beantworteten Fragen
Ihre Resultats-Entwicklung
Sie haben dieses Quiz noch nicht gespielt